| 000 | 00493nam a2200145Ia 4500 | ||
|---|---|---|---|
| 008 | 230917s9999||||xx |||||||||||||| ||und|| | ||
| 040 |
_e98510 _aMAIN |
||
| 041 | _aEnglish | ||
| 082 | _a668.4232 I2T | ||
| 100 | _aIndia, Ministry of Science and Technology, Department of sci | ||
| 245 | 0 | _aTechnology in indian butyl acrylate industry: a status prepared under the national register of foreign collaborations | |
| 260 |
_aNew Delhi _bGovt of India _c1995 |
||
| 300 | _axii, 57 p. | ||
| 942 | _cBK | ||
| 999 |
_c82119 _d82119 |
||